000 00490nam a2200193Ia 4500
005 20240823042503.0
008 240823s9999||||xx |||||||||||||| ||und||
020 _a81-203-0667-8
041 _aENGLISH
082 _A004.2 N6
100 _a"Tanenbaum,Andrew S"
245 0 _aStructured computer organization
250 _a3rd
260 _c1996
_b"PHI,New Delhi"
500 _aTRANSFERED
650 _aComputer Organisation
_bInformation Technology
942 _cBK
999 _c207978
_d207978